Atoms, Molecules, and Reactions : (Record no. 17429)

MARC details
000 -LEADER
fixed length control field 00888nam a2200253 4500
001 - CONTROL NUMBER
control field 2525374
005 - DATE AND TIME OF LATEST TRANSACTION
control field 20220407104659.0
007 - PHYSICAL DESCRIPTION FIXED FIELD--GENERAL INFORMATION
fixed length control field 000
008 - FIXED-LENGTH DATA ELEMENTS--GENERAL INFORMATION
fixed length control field 000
010 ## - LIBRARY OF CONGRESS CONTROL NUMBER
LC control number 93042571
020 ## - INTERNATIONAL STANDARD BOOK NUMBER
International Standard Book Number 0130887900
040 ## - CATALOGING SOURCE
Original cataloging agency DLC
Transcribing agency DLC
Modifying agency DLC
050 00 - LIBRARY OF CONGRESS CALL NUMBER
Classification number QD33
Item number .A76 1994
082 00 - DEWEY DECIMAL CLASSIFICATION NUMBER
Classification number 540
Edition number 20
245 00 - TITLE STATEMENT
Title Atoms, Molecules, and Reactions :
Remainder of title An Introduction to Chemistry /
Statement of responsibility, etc Ronald J. Gillespie ... [et al.].
260 ## - PUBLICATION, DISTRIBUTION, ETC. (IMPRINT)
Place of publication, distribution, etc Englewood Cliffs, NJ :
Name of publisher, distributor, etc Prentice Hall,
Date of publication, distribution, etc c1994.
300 ## - PHYSICAL DESCRIPTION
Extent xxv, 747 p. :
Other physical details ill. (some col.) ;
Dimensions 26 cm.
500 ## - GENERAL NOTE
General note Includes index.
650 #0 - SUBJECT ADDED ENTRY--TOPICAL TERM
Topical term or geographic name as entry element Chemistry.
700 1# - ADDED ENTRY--PERSONAL NAME
Personal name Gillespie, Ronald J.
Fuller form of name (Ronald James)
906 ## - LOCAL DATA ELEMENT F, LDF (RLIN)
a 7
b cbc
c orignew
d 1
e ocip
f 19
g y-gencatlg
942 ## - ADDED ENTRY ELEMENTS (KOHA)
Source of classification or shelving scheme Library of Congress Classification
Item type Loan - Normal on open shelf
Holdings
Withdrawn status Lost status Source of classification or shelving scheme Damaged status Not for loan Home library Current library Date acquired Total Checkouts Full call number Barcode Date last seen Copy number Price effective from Koha item type
    Library of Congress Classification     UOE Main Library UOE Main Library 07/04/2022   QD33 .A76 1994 20140971 07/04/2022 20140971 07/04/2022 Loan - Normal on open shelf